Changes for the better? (Record no. 73108)
[ view plain ]
| 000 -LEADER | |
|---|---|
| fixed length control field | 01192cam a2200205 4500 |
| 001 - CONTROL NUMBER | |
| control field | ABS66918 |
| 008 - FIXED-LENGTH DATA ELEMENTS--GENERAL INFORMATION | |
| fixed length control field | 030724n2003 000 0 eng u |
| 035 ## - SYSTEM CONTROL NUMBER | |
| System control number | (Sirsi) u123119 |
| 245 ## - TITLE STATEMENT | |
| Title | Changes for the better? |
| 260 ## - PUBLICATION, DISTRIBUTION, ETC. | |
| Date of publication, distribution, etc. | 2003 |
| 490 ## - SERIES STATEMENT | |
| Series statement | Scottish Planning and Environmental Law |
| Volume/sequential designation | (97) June 2003, 61-62(2) |
| 520 ## - SUMMARY, ETC. | |
| Summary, etc. | The conference "Planning for Scotland's future" gave various speakers the chance to express their views on issues that should be considered in drafting proposals for a planning bill. Article provides an edited version of Gordon Steele's address (chairman of the Scottish Planning, Local Government and Environment Bar Group) and presents the results of a poll on issues raised by him that show a substantial majority in favour of planning reform. The views of delegates expressed at this and other events will be drawn together and submitted in a report to the Scottish Executive later this year. [Taken partly from journal headnote]. |
| 590 ## - LOCAL NOTE (RLIN) | |
| Local note | ABS |
| 650 ## - SUBJECT ADDED ENTRY--TOPICAL TERM | |
| Topical term or geographic name entry element | SCOTLAND |
| 650 ## - SUBJECT ADDED ENTRY--TOPICAL TERM | |
| Topical term or geographic name entry element | PLANNING SYSTEM |
| 650 ## - SUBJECT ADDED ENTRY--TOPICAL TERM | |
| Topical term or geographic name entry element | PLANNING REFORM |
| 650 ## - SUBJECT ADDED ENTRY--TOPICAL TERM | |
| Topical term or geographic name entry element | HISTORIC SCOTLAND |
| 690 ## - LOCAL SUBJECT ADDED ENTRY--TOPICAL TERM (OCLC, RLIN) | |
| Topical term or geographic name as entry element | ENVIRONMENTAL AND LAND CONSULTANCY-PLANNING AND DEVELOPMENT |
| 942 ## - ADDED ENTRY ELEMENTS (KOHA) | |
| Suppress in OPAC | 0 |
| Withdrawn status | Lost status | Source of classification or shelving scheme | Damaged status | Not for loan | Home library | Current library | Shelving location | Date acquired | Total Checkouts | Full call number | Barcode | Date last seen | Copy number | Price effective from | Koha item type |
|---|---|---|---|---|---|---|---|---|---|---|---|---|---|---|---|
| Dewey Decimal Classification | London | London | Journal article | 24/07/2003 | ABS66918 | 123119-1001 | 06/08/2019 | 1 | 06/08/2019 | Journal article |